00699nam a2200241 a 4500001001300000003000900013005001700022008004100039020000800080082001300088100002200101245005200123260004400175300000900219500003500228505001300263650002000276700002200296902000800318942000700326952010900333999001500442nice12345678IN_TiNIC20260116011736.0050524s1974 hyda grp 000 0 urd  ac300a244bTAL aTalib, Shah Abadi aUjalon Ke Badal, Collection of Religious Dramas aHyderabadbHenry Martyn Institutec1974 a192p aincludes index and biblioraphy2 aAppendix aChristian-Drama1 aTalib, Shah Abadi bSRS cBK 001040708StackRoom-aHMIbHMId2007-07-05g3.00l0o244 TALp07449r2007-07-05v3.00w2005-05-24yBK c3623d3623